Finding Nemo/Dory Typing Challenge - Statistics

General Stats
  • This quiz has been taken 447 times
    446 since last reset
  • The average score is 16 of 26
Answer Stats
Hint Answer % Correct
Nemo Nemo
98%
Deb Deb
97%
Gil Gil
97%
Chum Chum
96%
Hank Hank
96%
Dory Dory
95%
Becky Becky
91%
Crush Crush
89%
Jenny Jenny
88%
Peach Peach
83%
Bruce Bruce
79%
Mr Ray Mr Ray
76%
Nigel Nigel
70%
Fluke Fluke
65%
Bloat Bloat
62%
Darla Darla
56%
Rudder Rudder
48%
Gurgle Gurgle
41%
Bailey Bailey
38%
Anchor Anchor
34%
Squirt Squirt
27%
Marlin Marlin
24%
Bubbles Bubbles
20%
Destiny Destiny
17%
Charlie Charlie
12%
Jacques Jacques
12%
No matching quizzes found
Score Distribution
Percent of People with Each Score
Percentile by Number Answered
Your Score History
You have not taken this quiz since the last reset